Kho tàng diễn xướng dân gian Việt Nam
Đây là một công trình sưu tầm, thu thập tư liệu về những điệu múa, lời ca theo phương thức diễn xướng trong các lễ hội, cuộc vui của nền văn hóa dân gian dồi dào phong phú ở nước Việt Nam...
Wedi'i Gadw mewn:
| Prif Awdur: | |
|---|---|
| Fformat: | Llyfr |
| Iaith: | Undetermined |
| Cyhoeddwyd: |
Hà Nội
VHTT
1997
|
| Pynciau: | |
| Tagiau: |
Ychwanegu Tag
Dim Tagiau, Byddwch y cyntaf i dagio'r cofnod hwn!
|
| Thư viện lưu trữ: | Trung tâm Học liệu Trường Đại học Cần Thơ |
|---|
| LEADER | 00883nam a2200205Ia 4500 | ||
|---|---|---|---|
| 001 | CTU_22194 | ||
| 008 | 210402s9999 xx 000 0 und d | ||
| 020 | |b 50,000đ | ||
| 082 | |a 789.29597 | ||
| 082 | |b Kh107 | ||
| 100 | |a Vũ Ngọc Khánh | ||
| 245 | 0 | |a Kho tàng diễn xướng dân gian Việt Nam | |
| 245 | 0 | |c Vũ Ngọc Khánh, Phạm Minh Thảo | |
| 260 | |a Hà Nội | ||
| 260 | |b VHTT | ||
| 260 | |c 1997 | ||
| 520 | |a Đây là một công trình sưu tầm, thu thập tư liệu về những điệu múa, lời ca theo phương thức diễn xướng trong các lễ hội, cuộc vui của nền văn hóa dân gian dồi dào phong phú ở nước Việt Nam | ||
| 650 | |a folk literature, vietnamese | ||
| 904 | |i Minh, 980406 | ||
| 980 | |a Trung tâm Học liệu Trường Đại học Cần Thơ | ||